000 00869nam a2200253 i 4500
001 000029383
003 DO-SdBNP
005 20241118104458.0
007 ta
008 110415s1957 dr abc 000 | spa d
040 _aDO-SdBNP
_bspa
_cBNPHU
_erda
082 _axxx
_bB483s
_222
100 1 _aBeras, Francisco Elpidio,
_d1901-
_eautor
_956263
245 1 0 _aSantana en Las Carreras :
_bcontribución al estudio táctico y estratégico de una batalla /
_cFrancisco Elpidio Beras.
264 _aCiudad Trujillo, República Dominicana :
_bImpresora Arte y Cine,
_c1957.
300 _a29 páginas :
_bilustraciones ;
_c23 cm.
336 _ardacontent
_btexto
_2txt
337 _ardamedia
_bsin mediación
_2n
338 _ardacontent
_bvolumen
_2nc
500 _aIncluye notas al pie de las páginas.
590 _aInventariado, 2024/DG
910 _aDG
942 _2ddc
_cLBS1
999 _c28875
_d28875